00580nam a2200169 a 450000100100000000500170001000800410002702000150006804000250008308200150010810000400012324500800016326000480024330000280029150000620031950400290038100002196020200930011524.0100915s2006 cu a 000 0 spa d a9590504418 aDO-SdBNPbspacBNPHU axxxbL864a1 aLópez González, Walfridod1945-10aAnimales del hogar, el patio y el traspatio /cWalfrido López González. aLa Habana :bCientífico-Técnica,c2006. a211 p. :bil. ;c24 cm. aIncluye datos biográficos del autor en la contraportada aBibliografía : 209-211